[Event "BL2-O9394"]
[Site "Germany"]
[Date "1994.??.??"]
[Round "?"]
[White "Kleinschmidt, Felix"]
[Black "Schmitzer, Klaus"]
[Result "0-1"]
[WhiteElo "2220"]
[BlackElo "2320"]

1.e4 g6 2.d4 Bg7 3.Nc3 c6 4.f4 d5 5.e5 h5 6.Be3 Nh6 7.Qd2 b5 8.Nf3 Qa5 9.Ne4 Qxd2+
10.Nexd2 Nf5 11.Bf2 Nd7 12.Nb3 Nb6 13.Na5 Kd7 14.b3 Kc7 15.Bd3 Bh6 16.g3 Bf8
17.O-O Nh6 18.Rac1 Bg4 19.Kg2 e6 20.c4 Bb4 21.Be1 Ba3 22.Rc2 Nf5 23.Bf2 Bxf3+
24.Kxf3 Bb4 25.cxb5 Bxa5 26.Rxc6+ Kb7 27.a3 Nd7 28.Bxf5 gxf5 29.b4 Bc7 30.Rfc1 Rac8
31.a4 Nb6 32.a5 Nc4 33.Be1 Bd8 34.Rxc8 Kxc8 35.b6 axb6 36.a6 b5 37.Ra1 Kb8
38.h3 Ka7  0-1

[Event "BL2-O9394"]
[Site "Germany"]
[Date "1994.??.??"]
[Round "?"]
[White "Lang, Jens"]
[Black "Koenig, Dietrich"]
[Result "1-0"]
[WhiteElo "2325"]
[BlackElo "2255"]

1.e4 g6 2.d4 Bg7 3.Nc3 c6 4.Be3 d6 5.Qd2 Nd7 6.Nf3 b5 7.Bd3 Qc7 8.O-O Ngf6
9.Bh6 O-O 10.Ne2 c5 11.c3 Rb8 12.Ng3 Re8 13.Bxg7 Kxg7 14.Qg5 e5 15.dxe5 Nxe5
16.Nxe5 dxe5 17.Rad1 h6 18.Qe3 Be6 19.Qe2 b4 20.Bb5 Red8 21.Bc4 bxc3 22.Bxe6 Rxb2
23.Qc4 Rxd1 24.Rxd1 c2 25.Rc1 fxe6 26.Rxc2 Rxc2 27.Qxc2 c4 28.Ne2 Qc5 29.h3 Kf7
30.g3 Ke7 31.Kg2 g5 32.g4 Ne8 33.Qd2 Nd6 34.f3 Nb5 35.Qa5 Qb6 36.Qb4+ Nd6
37.Qc3 Kf6 38.Qd2 a5 39.h4 Qb4 40.hxg5+ hxg5 41.Qc1 a4 42.Qh1 Nf7 43.Qc1 a3
44.Kf2 Nd6 45.Qd1 Qb6+ 46.Kg2 Nb5 47.Qd7 c3 48.Ng3 Qc7 49.Nh5+ Kg6 50.Qxe6+ Kh7
51.Nf6+  1-0

[Event "BL2-O9394"]
[Site "Germany"]
[Date "1994.??.??"]
[Round "?"]
[White "Liedtke, Matthias"]
[Black "Komljenovic, Luka"]
[Result "1/2-1/2"]
[WhiteElo "2270"]
[BlackElo "2180"]

1.e4 g6 2.d4 Bg7 3.Nc3 c6 4.Bc4 d5 5.exd5 b5 6.Bd3 b4 7.Nce2 cxd5 8.Bd2 a5
9.a3 bxa3 10.Rxa3 Nf6 11.Nf3 O-O 12.O-O Ne4 13.Be3 Nc6 14.Nd2 Nd6 15.c3 Nf5
16.b4 e5 17.Bxf5 Bxf5 18.b5 exd4 19.Nxd4 Nxd4 20.Bxd4 Bd3 21.Bxg7 Kxg7 22.Re1 Bxb5
23.Qb3 Qd7 24.c4 Bxc4 25.Nxc4 dxc4 26.Qxc4 Rfd8 27.Rxa5 Qd2 28.Rae5  1/2-1/2

[Event "BL2-S9394"]
[Site "Germany"]
[Date "1994.??.??"]
[Round "?"]
[White "Gerstner, Wolfgang"]
[Black "Sokolov, Andrei"]
[Result "0-1"]
[WhiteElo "2380"]
[BlackElo "2555"]

1.d4 g6 2.e4 Bg7 3.Nc3 c6 4.Be3 d5 5.f3 Nf6 6.e5 Nfd7 7.f4 e6 8.Nf3 Bf8 9.Qd2 c5
10.O-O-O Nc6 11.Be2 Qa5 12.dxc5 Nxc5 13.Kb1 Bd7 14.Nd4 O-O-O 15.g4 Kb8 16.Rhf1 a6
17.f5 Qc7 18.fxe6 fxe6 19.Nxc6+ Qxc6 20.Qd4 Rc8 21.Rf7 Be8 22.Rf3 Be7 23.Rdf1 g5
24.Bd3 h5 25.Rg3 hxg4 26.Rxg4 Rxh2 27.Bxg5 Bxg5 28.Rxg5 Na4 29.Nxa4 Qxa4
30.Qxa4 Bxa4 31.c3 Rd2 32.Bh7 Re2 33.Bd3 Re3 34.Bc2 Bxc2+ 35.Kxc2 Re2+ 36.Kb3 Rc5
37.a4 Rc6 38.Rf4 a5 39.Ka3 Rb6 40.b4 Rc6 41.Rf3 axb4+ 42.cxb4 Rcc2 43.a5 Kc7
44.Kb3 Kc6 45.Rf6 Rb2+ 46.Ka4 Ra2+ 47.Kb3 Rab2+ 48.Ka4 Ra2+ 49.Kb3 Kb5 50.Rxe6 Rab2+
51.Kc3 Rbc2+ 52.Kb3 Rb2+ 53.Kc3 Red2 54.Rg4 Ka4 55.b5+ Ka3  0-1

[Event "BL2-W9394"]
[Site "Germany"]
[Date "1994.??.??"]
[Round "?"]
[White "Holzke, Frank"]
[Black "Siebrecht, Sebastian"]
[Result "1-0"]
[WhiteElo "2385"]
[BlackElo "2360"]

1.e4 g6 2.d4 Bg7 3.Nc3 c6 4.Nf3 d5 5.h3 Nf6 6.Bd3 dxe4 7.Nxe4 Nxe4 8.Bxe4 Nd7
9.O-O O-O 10.Bg5 Qb6 11.Rb1 e5 12.d5 cxd5 13.Bxd5 Nf6 14.Bb3 h6 15.Bh4 Nh5
16.Re1 Qc7 17.Nd2 Nf4 18.Ne4 g5 19.Bg3 Rd8 20.Qf3 Kh8 21.Bxf4 exf4 22.Qh5 Kg8
23.Qg6 Qe7 24.Ng3 Qf6 25.Qxf6 Bxf6 26.Nh5 Bd4 27.Re7 Rf8 28.Rd1 Bxb2 29.Rxf7 Rxf7
30.Rd8+ Kh7 31.Bxf7 a6 32.g4 Be6 33.Rxa8 Bxf7 34.Rd8 Bxa2 35.Rd7+ Kg6 36.Rxb7 Bd4
37.Rd7 Bc5 38.Rg7+  1-0

[Event "BL2-W9394"]
[Site "Germany"]
[Date "1994.??.??"]
[Round "?"]
[White "Holzke, Frank"]
[Black "Telljohann, Sven"]
[Result "1-0"]
[WhiteElo "2385"]
[BlackElo "2385"]

1.e4 g6 2.d4 Bg7 3.Nc3 c6 4.Nf3 d5 5.h3 Nf6 6.e5 Ne4 7.Nxe4 dxe4 8.Ng5 c5
9.dxc5 Qa5+ 10.c3 Qxc5 11.Bf4 Nc6 12.Qb3 O-O 13.Bc4 e6 14.Nxe4 Qe7 15.Qb5 a6
16.Qb6 Nxe5 17.Be2 h6 18.O-O-O f5 19.Qc5 Qxc5 20.Nxc5 g5 21.Bxe5 Bxe5 22.Rhe1 Kf7
23.Bf3 Bf4+ 24.Kc2 Rb8 25.g3  1-0

[Event "NRW-Liga I 9394"]
[Site "Germany"]
[Date "1994.??.??"]
[Round "?"]
[White "Buenermann, Volker"]
[Black "Rottstaedt, Werner"]
[Result "1/2-1/2"]
[WhiteElo "2295"]
[BlackElo "2265"]

1.e4 g6 2.d4 Bg7 3.Nc3 c6 4.Nf3 d6 5.Bc4 Nf6 6.a4 O-O 7.O-O d5 8.Bd3 dxe4
9.Nxe4 Nxe4 10.Bxe4 Bg4 11.c3 Nd7 12.h3 Nf6 13.Bd3 Bxf3 14.Qxf3 Nd5 15.a5 e6
16.Bd2 Re8 17.Rfd1 a6 18.Bc2 Qe7 19.Bb3 Rad8 20.Ra4 Nc7 21.Be3 Nb5 22.g3 Qf6
23.Qxf6 Bxf6 24.Raa1 Kg7 25.Kg2 Rd7 26.Re1 Bd8 27.Bc4 Bc7 28.Be2 h6 29.h4 e5
30.dxe5 Bxe5 31.Red1 Red8 32.Bb6 Rxd1 33.Rxd1 Rxd1 34.Bxd1 Nd6 35.Be2 Nc8
36.Bc5 Bc7 37.Bd4+ Kf8 38.b4 Nd6 39.Bc5 Ke7 40.Kf3 Ke6 41.Ke3 Nf5+ 42.Ke4  1/2-1/2

[Event "Landesliga S9495 Bayern"]
[Site "Germany"]
[Date "1994.??.??"]
[Round "4"]
[White "Gesing, Oliver"]
[Black "Awenius, Andreas"]
[Result "1-0"]
[WhiteElo "2150"]
[BlackElo "2180"]

1.e4 g6 2.d4 Bg7 3.Nc3 c6 4.Be3 d5 5.f3 dxe4 6.fxe4 e5 7.d5 Nf6 8.dxc6 Qa5
9.cxb7 Bxb7 10.Bb5+ Nbd7 11.Qd6 O-O-O 12.O-O-O Nb6 13.Qxe5 Rxd1+ 14.Kxd1 Rd8+
15.Ke2 Nfd5 16.Qxg7 Nxe3 17.Kxe3 Nc4+ 18.Bxc4 Qc5+ 19.Kf4 Qxc4 20.Nf3 f5
21.Re1 fxe4 22.Nxe4 Kb8 23.Qe7 Qd5 24.Qe5+  1-0

[Event "Landesliga S9495 Bayern"]
[Site "Germany"]
[Date "1994.??.??"]
[Round "8"]
[White "Hinkmann, Jens"]
[Black "Kunz, Heinz"]
[Result "1-0"]
[WhiteElo "2100"]
[BlackElo "1660"]

1.e4 g6 2.d4 Bg7 3.Nc3 c6 4.Nf3 d5 5.exd5 cxd5 6.Bb5+ Nc6 7.Ne5 Bxe5 8.dxe5 d4
9.Bxc6+ bxc6 10.Ne2 Qa5+ 11.c3 dxc3 12.O-O cxb2 13.Bxb2 e6 14.Ng3 Ne7 15.Ne4 O-O
16.Qc1 Kg7 17.Ba3 Re8 18.Nf6 Bb7 19.Bxe7 Rxe7 20.Ng4 Kf8 21.Qh6+ Ke8 22.Nf6+  1-0

[Event "Goch op"]
[Site "Goch"]
[Date "1994.??.??"]
[Round "1"]
[White "Hoedemaekers, H."]
[Black "Heisel, Guido"]
[Result "0-1"]
[WhiteElo "1750"]
[BlackElo "2255"]

1.e4 g6 2.d4 Bg7 3.Nc3 c6 4.f4 d5 5.e5 h5 6.Nf3 Bg4 7.Bd3 e6 8.Be3 Nh6 9.O-O Nf5
10.Qe2 Nd7 11.Qf2 Bxf3 12.Qxf3 Qb6 13.Rab1 Bf8 14.Ne2 c5 15.dxc5 Bxc5 16.Bxc5 Nxc5
17.Kh1 h4 18.Rfd1 O-O-O 19.c4 Ne4 20.Bxe4 dxe4 21.Qxe4 Ng3+ 22.Nxg3 hxg3
23.h3 Rxd1+ 24.Rxd1 Qf2 25.Qe1 Rxh3+  0-1

[Event "Goch op"]
[Site "Goch"]
[Date "1994.??.??"]
[Round "2"]
[White "Vogel, Christian"]
[Black "Zunker, Reinhard"]
[Result "0-1"]
[WhiteElo "1900"]
[BlackElo "2235"]

1.e4 g6 2.d4 Bg7 3.Nc3 c6 4.Bc4 d6 5.Nge2 Nf6 6.Bb3 O-O 7.O-O Nbd7 8.f4 e5
9.h3 exd4 10.Nxd4 Nc5 11.e5 dxe5 12.fxe5 Nxb3 13.cxb3 Nd5 14.Nf3 Be6 15.Bg5 Qb6+
16.Kh1 h6 17.Nxd5 Bxd5 18.Bf6 Rae8 19.Qd2 Kh7 20.Qf4 Bxf6 21.exf6 Re4 22.Qg3 Qd8
23.Ng5+ hxg5 24.Qxg5 Rh8 25.Rf4 Rxf4 26.Qxf4 Qb8 27.Qf2 Kg8 28.Kg1 Rh5 29.Re1 Re5
30.Qg3 Rxe1+ 31.Qxe1 Qf4 32.Qc3 g5  0-1

[Event "Graz-ch"]
[Site "Graz"]
[Date "1994.??.??"]
[Round "8"]
[White "Vombek, Dani"]
[Black "Singer, Richard"]
[Result "1-0"]
[WhiteElo "2225"]
[BlackElo "2140"]

1.e4 c6 2.d4 g6 3.Nc3 Bg7 4.Nf3 d5 5.h3 Qa5 6.e5 Bf5 7.Bd2 h5 8.b4 Qc7 9.Be2 Nd7
10.O-O f6 11.Nh4 fxe5 12.Nxf5 gxf5 13.Bxh5+ Kf8 14.dxe5 Bxe5 15.f4 Bd4+ 16.Kh1 Ndf6
17.Bf3 Rd8 18.Ne2 Bb6 19.Bc3 e6 20.Bd4 Rh6 21.a4 Nd7 22.Qc1 Kf7 23.c4 Bxd4
24.Nxd4 Nb6 25.cxd5 Nxd5 26.Bxd5 Rxd5 27.Nf3 Rf6 28.Ng5+ Ke7 29.Re1 Qd6 30.Qe3 Rd4
31.Nf3 Rxb4 32.Qxa7 Kf8 33.Rad1 Qxf4 34.Rd7 Rf7 35.Ne5 Rxd7 36.Ng6+ Kf7 37.Nxf4 Rxf4
38.a5 Nf6 39.Qb8 Ra4 40.Qe5 Ne4 41.Rb1 Rad4 42.Kh2 R4d5 43.Qb8 Nd6 44.a6 bxa6
45.Qa8 Ne4 46.Qxc6 Kf6 47.Qxa6 f4 48.Re1 Kf5 49.Qe2 Nf6 50.Qxe6+ Kg6 51.Qc6 R7d6
52.Qc2+ Kg5 53.Qe2 Rc6 54.Qe7 Kf5 55.Kg1 Rc2 56.Re6  1-0

[Event "Groningen op"]
[Site "Groningen"]
[Date "1994.??.??"]
[Round "3"]
[White "Zagema, Wieb"]
[Black "Hulshof, Peter"]
[Result "1-0"]
[WhiteElo "2355"]
[BlackElo "2155"]

1.e4 g6 2.d4 Bg7 3.Nc3 c6 4.Bc4 d6 5.Qf3 e6 6.Nge2 Nd7 7.a4 a5 8.h4 Ngf6
9.Qg3 d5 10.exd5 Nb6 11.Bd3 Nh5 12.Qf3 Nxd5 13.Ne4 Nhf6 14.Qg3 Nxe4 15.Bxe4 Bd7
16.h5 Qc7 17.Qf3 e5 18.h6 Bf8 19.Bxd5 cxd5 20.Qf6 Rg8 21.dxe5 Be7 22.Qf4 Qxc2
23.Nc3 Bb4 24.O-O Bxc3 25.bxc3 Rc8 26.Ba3 Qf5 27.Qd4 g5 28.Qxd5 Rg6 29.Qxa5 Bc6
30.Qb4 Qe6 31.Rfd1 Rg8 32.Rd6 Qg4 33.Rd8+  1-0

[Event "Groningen op"]
[Site "Groningen"]
[Date "1994.??.??"]
[Round "4"]
[White "Tseitlin, Mark D"]
[Black "Salazar, Adriana"]
[Result "1-0"]
[WhiteElo "2465"]
[BlackElo "2110"]

1.e4 g6 2.d4 Bg7 3.Nc3 c6 4.Nf3 d5 5.h3 Nf6 6.e5 Ne4 7.Bd3 Nxc3 8.bxc3 O-O
9.O-O c5 10.dxc5 Nc6 11.Bf4 Qa5 12.Qd2 Qxc5 13.Rab1 Qa5 14.Rfe1 f6 15.Bh6 fxe5
16.Bxg7 Kxg7 17.Nxe5 Nxe5 18.Rxe5 e6 19.h4 Qd8 20.h5 Qf6 21.Rbe1 Qf4 22.R1e3 Bd7
23.hxg6 hxg6 24.Bxg6 Kxg6 25.Rg3+ Kh6 26.Qe2 Rf5 27.Rxe6+ Rf6 28.Rh3+ Kg7
29.Re7+ Rf7 30.Rxf7+ Qxf7 31.Qe5+  1-0

[Event "Groningen op"]
[Site "Groningen"]
[Date "1994.??.??"]
[Round "4"]
[White "Sermek, Drazen"]
[Black "Carlier, Bruno"]
[Result "1-0"]
[WhiteElo "2515"]
[BlackElo "2365"]

1.e4 g6 2.d4 Bg7 3.Nc3 c6 4.Nf3 d5 5.h3 Nf6 6.Bd3 dxe4 7.Nxe4 Nxe4 8.Bxe4 Nd7
9.O-O O-O 10.Bg5 h6 11.Bh4 Nf6 12.Bd3 Qb6 13.Re1 Qxb2 14.Rxe7 Nd5 15.Re1 Nc3
16.Qd2 Be6 17.Ne5 Rfe8 18.Bf1 Bd5 19.a3 Ne4 20.Qd3 Nc3 21.f4 b5 22.Rec1 Be4
23.Qe3 f6 24.Be1 Na2 25.Rab1 Qxc1 26.Rxc1 fxe5 27.fxe5  1-0

[Event "Groningen op"]
[Site "Groningen"]
[Date "1994.??.??"]
[Round "7"]
[White "Taeger, Winfried"]
[Black "Rubene, Ilze"]
[Result "1-0"]
[WhiteElo "2325"]
[BlackElo "2255"]

1.e4 g6 2.d4 Bg7 3.Nc3 c6 4.Nf3 d6 5.Be3 b5 6.Qd2 a6 7.Bd3 Nd7 8.a4 Bb7 9.O-O Ngf6
10.e5 dxe5 11.dxe5 Ng4 12.e6 fxe6 13.Ng5 Nf8 14.axb5 cxb5 15.Bf4 Qb6 16.Qe2 e5
17.Bg3 h5 18.h4 Rd8 19.Rfe1 Rd4 20.Kh1 Nd7 21.f3 Nh6 22.Bf2 O-O 23.Nce4 Qc7
24.Ne6 Qc8 25.Bxd4 exd4 26.Nxf8 Nxf8 27.Ng5 e5 28.Be4 Nf5 29.Qf2 Nh7 30.Nxh7 Kxh7
31.Kg1 Bh6 32.Bxb7 Qxb7 33.Rxe5 Be3 34.Rxe3 dxe3 35.Qe1 Qb6 36.c3 Qf6 37.Rd1 Kh6
38.g4 hxg4 39.fxg4 Nxh4 40.Qxe3+ g5 41.Qg3 Nf3+ 42.Kg2 Ne5 43.Rd5 Ng6 44.Rd6 Qf7
45.Qd3 Qb7+ 46.Kf2 Qa7+ 47.Kg2 Qb7+ 48.Kg3 Qf7 49.Qf5 Qg8 50.Rxa6  1-0

[Event "Groningen op"]
[Site "Groningen"]
[Date "1994.??.??"]
[Round "9"]
[White "Blaauw, Casper"]
[Black "Hulshof, Peter"]
[Result "1/2-1/2"]
[WhiteElo "2300"]
[BlackElo "2155"]

1.d4 g6 2.Nc3 Bg7 3.e4 c6 4.Be3 d5 5.f3 Qb6 6.exd5 Qxb2 7.Nge2 Nf6 8.dxc6 bxc6
9.Rb1 Qa3 10.Qd2 O-O 11.g4 Nbd7 12.Rb3 Qa5 13.g5 Nd5 14.Nxd5 Qxd2+ 15.Kxd2 cxd5
16.Nc3 Nb6 17.Rb4 Bf5 18.Na4 Nxa4 19.Rxa4 Rfb8  1/2-1/2

[Event "Hamburg-ch"]
[Site "Hamburg"]
[Date "1994.??.??"]
[Round "7"]
[White "Putzbach, Gerd"]
[Black "Kalinin, Michael"]
[Result "1/2-1/2"]
[WhiteElo "2260"]
[BlackElo "2270"]

1.e4 g6 2.d4 Bg7 3.Nc3 c6 4.Nf3 d6 5.a4 Nf6 6.Be2 O-O 7.h3 Qc7 8.Be3 Rd8
9.a5 d5 10.e5 Ne4 11.Qb1 Nxc3 12.bxc3 c5 13.O-O Nc6 14.Qb5 c4 15.Ne1 e6 16.f4 Bd7
17.Qb1 Nxa5 18.g4 Nc6 19.Nf3 b5 20.Qe1 Rdb8 21.Nh4 b4 22.cxb4 Nxb4 23.Bd1 f5
24.exf6 Bxf6 25.f5 Qd8 26.Bf2 exf5 27.gxf5 g5 28.Ng2 Qe7 29.Qd2 Qg7 30.Kh2 a5
31.Ra3 Rd8 32.c3 Nc6 33.Bg3 Be8 34.Ne3 h5 35.Rg1 Kh8 36.Ra2 Bf7 37.Bf3 Ne7
38.Qg2 Qh7 39.Nxc4 g4 40.Be5 Bxe5+ 41.Nxe5 gxf3 42.Qg5 Ng8 43.f6 Nh6 44.Qxh6 Qxh6
45.Nxf7+ Kh7 46.Nxh6 Kxh6 47.Rf2 Rg8 48.Rxg8 Rxg8 49.Rxf3 Kg6 50.h4 a4 51.Rf2 Ra8
52.f7 Kg7 53.Rf5 Kf8 54.Rxh5 Ra6 55.Rf5 a3 56.Rf1 a2 57.Ra1 Ra3 58.Kg3 Rxc3+
59.Kf4 Ra3 60.Ke5 Kxf7 61.Kxd5 Ke7 62.h5 Kd7 63.h6 Rh3 64.Rxa2 Rh5+ 65.Kc4 Rxh6
66.Ra7+ Kc8 67.Kc5 Rh5+ 68.d5 Rh6 69.Re7 Kd8 70.Re6 Rxe6 71.dxe6 Ke7 72.Kd5 Ke8
73.Kd6 Kd8 74.e7+ Ke8 75.Ke6  1/2-1/2

[Event "Hastings op9495"]
[Site "Hastings"]
[Date "1994.??.??"]
[Round "?"]
[White "Hunt, Harriet"]
[Black "Webster, Andrew"]
[Result "1-0"]
[WhiteElo "2225"]
[BlackElo "2405"]

1.e4 g6 2.d4 Bg7 3.Nc3 c6 4.Nf3 d5 5.h3 Nf6 6.Bd3 dxe4 7.Nxe4 Nxe4 8.Bxe4 Nd7
9.O-O O-O 10.Bg5 Qc7 11.c3 Re8 12.Re1 c5 13.Qa4 Kf8 14.Rad1 a6 15.Re2 b5
16.Qa3 Rb8 17.dxc5 Nxc5 18.Nd4 Ne6 19.Nxe6+ Bxe6 20.Qxa6 b4 21.cxb4 Rxb4
22.b3 Qe5 23.Bc6 Qxg5 24.Bxe8 Bxh3 25.Bc6 Bf6 26.Re3 Be6 27.Re4 Rb8 28.Qa7 Be5
29.f4 Qg4 30.Rd2 Rc8 31.fxe5 Qg5 32.Rc2 Bd5 33.Ree2 Rxc6 34.Rxc6 Bxc6 35.Qe3 Qg4
36.Rd2 Kg7 37.a4 Qb4 38.Rd4 Qb6 39.Kf2 h5 40.Rc4 Qb7 41.e6 f6 42.Qc3 Qb6+
43.Qd4 Qb7 44.Rb4 Qc8 45.Qc5 Qxe6 46.Rb6 Qd7 47.Rxc6 Qd2+ 48.Kf3 Qd3+ 49.Qe3 Qd5+
50.Qe4 Qxb3+ 51.Kf2 Qb2+ 52.Kg1 e5 53.Qc4 g5 54.Qc5 e4 55.Qe7+ Kg6 56.Qxe4+ Kh6
57.a5 Qb4  1-0

[Event "Havana op"]
[Site "Havana"]
[Date "1994.??.??"]
[Round "1"]
[White "Ramon, Vivian"]
[Black "Fuentes, Luis"]
[Result "1-0"]
[WhiteElo "2175"]
[BlackElo "2395"]

1.e4 g6 2.d4 Bg7 3.Nc3 c6 4.Nf3 d5 5.e5 Bg4 6.h3 Bxf3 7.Qxf3 Nd7 8.Bf4 e6
9.Qe3 Qa5 10.a3 b5 11.b4 Qb6 12.Be2 Ne7 13.g4 h5 14.O-O hxg4 15.hxg4 a5 16.Bf3 Qa7
17.Rab1 Nb6 18.Be2 axb4 19.axb4 Kd7 20.Bg5 Nc4 21.Bxc4 bxc4 22.b5 Nc8 23.bxc6+ Kxc6
24.Rb5 Rb8 25.Rc5+ Kd7 26.Qf3 Ke8 27.Nb5 Qxc5 28.dxc5 Rxb5 29.Qa3 Rb8 30.f4  1-0

[Event "Havana op"]
[Site "Havana"]
[Date "1994.??.??"]
[Round "7"]
[White "Rodriguez, Andres"]
[Black "Gonzales, Renieo"]
[Result "1-0"]
[WhiteElo "2435"]
[BlackElo "2220"]

1.e4 g6 2.d4 Bg7 3.Nc3 c6 4.Bc4 d6 5.Qf3 e6 6.Nge2 Nf6 7.Bb3 Nbd7 8.Be3 Qc7
9.O-O O-O 10.a4 a5 11.h3 Rb8 12.Ng3 b5 13.Qd1 b4 14.Nce2 c5 15.c4 bxc3 16.bxc3 Ba6
17.Bc2 Nb6 18.Bd3 Nc4 19.Bc1 Nd7 20.Ra2 Qb6 21.Bc2 d5 22.e5 f6 23.exf6 Bxf6
24.Re1 Rbe8 25.Bh6 Bg7 26.Qc1 cxd4 27.cxd4 e5 28.Bxg7 Kxg7 29.Qg5 Kh8 30.Rb1 Qd6
31.h4 exd4 32.Nxd4 Re5 33.Qh6 Qf6 34.Nf3 Re7 35.h5 gxh5 36.Qxh5 Nde5 37.Bd1 Nc6
38.Re2 Rxe2 39.Bxe2 Nd2 40.Nxd2 Qxf2+ 41.Kh2 Bxe2 42.Nxe2 Rf5 43.Qh3 Rf6
44.Rb7 h6 45.Nf3  1-0

[Event "HUN-chT 9394"]
[Site "?"]
[Date "1994.??.??"]
[Round "?"]
[White "Czebe, Attila"]
[Black "Mester, Gyula"]
[Result "0-1"]
[WhiteElo "2355"]
[BlackElo "2255"]

1.e4 g6 2.d4 Bg7 3.Nc3 c6 4.Nf3 d6 5.a4 Nf6 6.Be2 O-O 7.O-O Nbd7 8.Be3 e5
9.Nd2 Qe7 10.d5 Ne8 11.Nc4 c5 12.Qd2 f5 13.exf5 gxf5 14.Bg5 Ndf6 15.Nb5 Qd7
16.f3 Rf7 17.b4 cxb4 18.Rad1 Bf8 19.Qxb4 Nc7 20.Kh1 Na6 21.Qe1 Nc5 22.Qh4 Ne8
23.f4 e4 24.Bh5 Rg7 25.Bh6 Nxa4 26.Bxe8 Qxe8 27.Bxg7 Bxg7 28.Nbxd6 Qd8 29.Nxc8 Rxc8
30.Ne5 Qd6 31.c4 Nc3 32.Rde1 b5 33.Qh5 Rf8 34.Re3 Bxe5 35.fxe5 Qxe5 36.d6 b4
37.d7 Qd6 38.Rxc3 bxc3 39.Rd1 Qe7  0-1

[Event "HUN-chT 9394"]
[Site "?"]
[Date "1994.??.??"]
[Round "?"]
[White "Horvath, Zoltan"]
[Black "Pirisi, Gabor"]
[Result "1/2-1/2"]
[WhiteElo "2110"]
[BlackElo "2400"]

1.e4 g6 2.d4 Bg7 3.Nc3 c6 4.g3 d5 5.e5 f6 6.Bf4 Nd7 7.Nf3 Nf8 8.h3 Nh6 9.g4 Nf7
10.Qd2 Ne6  1/2-1/2

[Event "HUN-chT 9394"]
[Site "?"]
[Date "1994.??.??"]
[Round "?"]
[White "Tegzes, Laszlo"]
[Black "Gyurkovics, Miklos"]
[Result "0-1"]
[WhiteElo "2420"]
[BlackElo "2255"]

1.e4 g6 2.d4 Bg7 3.Nc3 c6 4.Bc4 d6 5.Nf3 Nf6 6.O-O b5 7.Bd3 O-O 8.Bg5 Qc7
9.Qe2 e5 10.dxe5 dxe5 11.Nd1 Nh5 12.a4 b4 13.Qd2 Na6 14.Bh6 Rb8 15.Bxg7 Kxg7
16.Ne3 Nc5 17.Nc4 f6 18.Qe3 Ne6 19.Rfd1 c5 20.c3 g5 21.Be2 Nhf4 22.Nd6 Nxe2+
23.Qxe2 Nf4 24.Qe3 bxc3 25.bxc3 Rb2 26.Rd2 Rxd2 27.Qxd2 Rd8 28.Rd1 Kf8 29.Ne1 Ba6
30.Nc2 Be2  0-1

[Event "HUN-chT 9394"]
[Site "?"]
[Date "1994.??.??"]
[Round "?"]
[White "Szurovszky, Elek"]
[Black "Mester, Gyula"]
[Result "1-0"]
[WhiteElo "2280"]
[BlackElo "2255"]

1.e4 g6 2.d4 Bg7 3.Nc3 c6 4.a4 a5 5.g3 h5 6.h4 Nh6 7.Bg2 Na6 8.Nh3 Qb6 9.Ne2 d6
10.O-O Bg4 11.c3 e5 12.f3 Be6 13.Kh2 Bc4 14.Re1 O-O 15.Nhg1 f5 16.Bxh6 Bxh6
17.dxe5 Rad8 18.e6 Bxe6 19.Nd4 Bc8 20.exf5 Bxf5 21.Nxf5 Rxf5 22.Re6 Kh7 23.Re7+ Kg8
24.Qc2 Nc5 25.g4 Bf4+ 26.Kh1 Rf6 27.g5 Re6 28.Rxe6 Nxe6 29.Qxg6+ Ng7 30.Re1 Qf2
31.Re7 Be5 32.Rxg7+ Bxg7 33.Bh3 Qxh4 34.Kg2 Qf4 35.Ne2 Qe5 36.Be6+  1-0

[Event "HUN-chT2 9394"]
[Site "?"]
[Date "1994.??.??"]
[Round "?"]
[White "Jozsa, Csaba"]
[Black "Lakos, Nikoletta"]
[Result "0-1"]
[WhiteElo "2280"]
[BlackElo "2260"]

1.e4 c6 2.d4 g6 3.Nc3 Bg7 4.Nf3 d5 5.h3 dxe4 6.Nxe4 Nd7 7.Bc4 Ngf6 8.Nxf6+ Nxf6
9.O-O O-O 10.Re1 Qc7 11.Bg5 e6 12.Qd2 b5 13.Bb3 Bb7 14.Ne5 c5 15.dxc5 Ne4
16.Rxe4 Bxe4 17.Ng4 Bb7 18.Qe3 Rfc8 19.Nf6+ Kh8 20.Re1 Qc6 21.Qg3 h6 22.Re4 hxg5
23.Rh4+ Bh6 24.Bd5 gxh4 25.Qxh4 Kg7 26.Bxc6 Bxc6 27.Ng4 Rh8 28.Qf6+ Kg8 29.Ne5 Be8
30.Qe7 Bg7 31.Nd3 Kh7 32.Qb7 Rd8 33.c6 Rd5 34.c7 Bd7 35.Qxa7 Bc8 36.Qb6 Rd7
37.Qc5 Bd4 38.Qxb5 Rxc7 39.Qb4 Bf6 40.Qf4 Bd8 41.c4 Rd7 42.Qe3 Bc7 43.g3 Bb7
44.f4 Rhd8 45.Nf2 Rd2 46.Qc3 Re2 47.Qb4 Bc6 48.Qc5 Rd1+ 49.Kh2  0-1

[Event "HUN-chT2 9394"]
[Site "?"]
[Date "1994.??.??"]
[Round "?"]
[White "Marosi, Csaba"]
[Black "Lakos, Nikoletta"]
[Result "1/2-1/2"]
[WhiteElo "2255"]
[BlackElo "2260"]

1.e4 c6 2.d4 g6 3.Nc3 Bg7 4.Bc4 b5 5.Bb3 b4 6.Nce2 a5 7.c3 bxc3 8.Nxc3 d6
9.Qf3 e6 10.Nge2 Ne7 11.Bg5 Nd7 12.O-O O-O 13.Rfd1 Nb6  1/2-1/2

[Event "JUG-chT"]
[Site "Igalo"]
[Date "1994.??.??"]
[Round "?"]
[White "Sokolov, Andrei"]
[Black "Nevednichy, Vladislav"]
[Result "1-0"]
[WhiteElo "2555"]
[BlackElo "2480"]

1.e4 g6 2.d4 Bg7 3.Nc3 c6 4.Nf3 d6 5.a4 Nf6 6.a5 O-O 7.Be2 Na6 8.O-O b5 9.axb6 axb6
10.e5 Nd5 11.Nxd5 cxd5 12.Bf4 dxe5 13.Nxe5 Bb7 14.c3 e6 15.Bg3 f6 16.Nf3 Nb8
17.Rxa8 Bxa8 18.Qa4 Nc6 19.Bb5 Qc8 20.Re1 Bb7 21.h3 Qd7 22.Qa7 Ra8 23.Qxb6 Bf8
24.c4 g5 25.Bc7 Rc8 26.Qxb7 Rxc7 27.Qb6 dxc4 28.Rxe6  1-0

[Event "IND-ch"]
[Site "?"]
[Date "1994.??.??"]
[Round "10"]
[White "Shantharam, KV."]
[Black "Saravanan, V."]
[Result "0-1"]
[WhiteElo "2260"]
[BlackElo "2420"]

1.d4 g6 2.e4 Bg7 3.Nc3 c6 4.Be3 d5 5.Qd2 dxe4 6.Nxe4 Nd7 7.Bc4 Ndf6 8.Ng5 Nd5
9.N1f3 Bf5 10.h3 h6 11.g4 hxg5 12.gxf5 g4 13.Ne5 gxf5 14.O-O-O Rxh3 15.Rxh3 gxh3
16.Qe2 Qd6 17.Qh5 Bxe5 18.dxe5 Qxe5 19.Bxd5 cxd5 20.Qxh3 b6 21.Qf1 Rd8 22.Qb5+ Rd7
23.Rd3 e6 24.Bd4 Qf4+ 25.Kd1 Ne7 26.a4 e5 27.Bxb6 axb6 28.Qxb6 d4 29.Qf6 Nd5
30.Qc6 Nb4 31.Qc8+ Rd8 32.Qc5 Nxd3  0-1

[Event "Isle of Man op"]
[Site "Isle of Man"]
[Date "1994.??.??"]
[Round "5"]
[White "Quillan, Gary"]
[Black "Flear, Christine"]
[Result "1-0"]
[WhiteElo "2325"]
[BlackElo "2175"]

1.e4 g6 2.d4 Bg7 3.Nc3 c6 4.Nf3 d6 5.Be3 Nf6 6.Qd2 Ng4 7.Bg5 h6 8.Bh4 b5
9.Bd3 a6 10.h3 Nf6 11.O-O-O Qa5 12.a3 Be6 13.Kb1 g5 14.Bg3 Qb6 15.Rhe1 Ra7
16.e5 dxe5 17.Nxe5 Rb7 18.Qe2 Qa5 19.Ne4 Nfd7 20.Nxf7 O-O 21.Nfd6 Bxd4 22.Nxb7 Qb6
23.Nxg5 Bd5 24.Qxe7 Nf6 25.Bh7+  1-0

[Event "JUG-chT2"]
[Site "?"]
[Date "1994.??.??"]
[Round "1"]
[White "Todorovic, Goran N"]
[Black "Raicevic, Momcilo"]
[Result "1-0"]
[WhiteElo "2400"]
[BlackElo "2355"]

1.d4 g6 2.e4 Bg7 3.Nc3 c6 4.Nf3 d5 5.h3 Nh6 6.Bf4 f6 7.exd5 cxd5 8.Nb5 Na6
9.c4 Nf7 10.cxd5 Qxd5 11.Nc3 Qf5 12.Bb5+ Bd7 13.Bxd7+ Qxd7 14.O-O O-O 15.Re1 Qf5
16.Bg3 e5 17.dxe5 fxe5 18.Ne4 Rad8 19.Qb3 b6 20.Rac1 Kh8 21.Qa4 Nb8 22.Qxa7 Nd7
23.Rc7 h6 24.Nh4 Qe6 25.Rd1 g5 26.Nf3 Ra8 27.Qb7 Nc5 28.Nxc5 bxc5 29.Rxf7 Qxf7
30.Rd7 Qxa2 31.Rxg7 Qb1+ 32.Kh2 Rxf3 33.Bxe5  1-0

[Event "JUG-chT2"]
[Site "?"]
[Date "1994.??.??"]
[Round "3"]
[White "Laketic, Gojko"]
[Black "Raicevic, Momcilo"]
[Result "1-0"]
[WhiteElo "2360"]
[BlackElo "2355"]

1.d4 g6 2.e4 Bg7 3.Nc3 c6 4.f4 d5 5.e5 Nh6 6.Nf3 O-O 7.Be3 f6 8.Qd2 Bg4 9.Be2 Nf5
10.Bf2 Bxf3 11.Bxf3 fxe5 12.dxe5 e6 13.O-O-O Nd7 14.Kb1 Bh6 15.Rhe1 b5 16.g3 a5
17.h4 a4 18.h5 b4 19.hxg6 hxg6 20.Nxd5 exd5 21.Bxd5+ cxd5 22.Qxd5+ Kh8 23.Qxd7 b3
24.g4 bxc2+ 25.Kxc2 Ne7 26.Qxd8 Rfxd8 27.Rxd8+ Rxd8 28.Rh1 Kg7 29.g5 Bxg5
30.fxg5 Kf7 31.Rh4 Rc8+ 32.Kd3 Rb8 33.Bc5 Nc6 34.Ke4 Ke6 35.Rf4 Rxb2 36.Rf6+ Kd7
37.e6+ Kd8 38.Rf8+ Kc7 39.Rf7+ Kd8 40.Bd6  1-0

[Event "JUG-chT2"]
[Site "?"]
[Date "1994.??.??"]
[Round "3"]
[White "Perovic, Dragan"]
[Black "Miljanic, Boro"]
[Result "0-1"]
[WhiteElo "2410"]
[BlackElo "2385"]

1.e4 g6 2.d4 Bg7 3.Nc3 c6 4.Bc4 b5 5.Bb3 b4 6.Nce2 d6 7.Be3 Nf6 8.f3 O-O
9.Qd2 a5 10.a3 bxa3 11.Rxa3 Qc7 12.h4 c5 13.h5 c4 14.Ba4 Nbd7 15.Bh6 Rb8
16.hxg6 fxg6 17.Bxg7 Kxg7 18.Qh6+ Kg8 19.Nf4 Rf7 20.Nxg6 Rxb2 21.f4 Rb1+
22.Ke2 Nxe4 23.Rah3 Ndf6 24.Nf3 Rxh1 25.Rxh1 Rg7 26.Rh4 Ng4  0-1

[Event "JUG-chT2"]
[Site "?"]
[Date "1994.??.??"]
[Round "10"]
[White "Miljanic, Boro"]
[Black "Raicevic, Momcilo"]
[Result "1-0"]
[WhiteElo "2385"]
[BlackElo "2355"]

1.e4 g6 2.d4 Bg7 3.Nc3 c6 4.Bc4 d6 5.Nf3 Nf6 6.Bb3 O-O 7.O-O h6 8.Re1 Bg4
9.h3 Bxf3 10.Qxf3 e5 11.dxe5 dxe5 12.Be3 Nbd7 13.Rad1 Qe7 14.Rd2 a5 15.Red1 Nc5
16.Bxc5 Qxc5 17.Rd6 Nd5 18.Rd7 Nxc3 19.bxc3 b5 20.Bxf7+ Kh8 21.Qg4 g5 22.Qh5 Ra7
23.R1d6  1-0

[Event "Heart of Finland op 4th"]
[Site "Jyvaskyla"]
[Date "1994.??.??"]
[Round "?"]
[White "Hector, Jonny"]
[Black "Zaja, Ivan"]
[Result "1-0"]
[WhiteElo "2530"]
[BlackElo "2385"]

1.e4 g6 2.d4 Bg7 3.Nc3 c6 4.f4 d6 5.Nf3 Bg4 6.Be3 Nd7 7.h3 Bxf3 8.Qxf3 c5
9.dxc5 Bxc3+ 10.bxc3 Qa5 11.Bd4 e5 12.fxe5 dxe5 13.Bc4 exd4 14.Qxf7+ Kd8
15.O-O Qxc3 16.Bb5  1-0